00398nam a2200145Ia 45000010006000000050017000060080041000230410008000640820017000721000036000892450083001253000028002086500008002366540008002441711120260306170401.0260306t9999||||xx |||||||||||||| ||und|| aESP a657.458bM84 aMontoya Williams, HéctoreAUT 0aLa contabilidad como base del control interno en las instituciones financieras a233 páginas :c21 cm. aGEN aCCO